000 00488nam a2200181Ia 4500
005 20250923144737.0
008 008 250917s9999 xx 000 0 eng d
037 _aTextual
040 _aDSWL
_beng
_cDSWL
041 _aeng
_2eng
084 _qDSWL
100 _aRadzinowicz, L.
_9827966
245 0 _aSexual offences
_cby L. Radzinowicz
260 _aLondon
_bMacmillan & Company Limited
_c1957
300 _axxvii,554p.
942 _cTEXL
999 _c1442783
_d1442783